Marvel Heroes by Face #1 - Statistics

General Stats
  • This quiz has been taken 46 times
  • The average score is 16 of 20
Answer Stats
Picture Answer % Correct
Black Panther
100%
Spider-Man
100%
Iron Man
98%
Wolverine
96%
Ant-Man
91%
Rocket Raccoon
89%
Scarlet Witch
89%
Vision
89%
Captain Marvel
87%
Hawkeye
82%
Silver Surfer
82%
Black Widow
80%
Ms. Marvel
80%
Moon Knight
76%
Spider-Woman
73%
Iceman
67%
Professor X
67%
Wasp
64%
Echo
51%
Mockingbird
27%
No matching quizzes found
Score Distribution
Percent of People with Each Score
Percentile by Number Answered
Your Score History
You have not taken this quiz